Rizzler lyrics quizz - Statistics

General Stats
  • This quiz has been taken 152 times
  • The average score is 10 of 24
Answer Stats
Hint Answer % Correct
And I-I-I-I-I can't _____ Rizz
93%
I was in _____ before I met you Ohio
86%
____ Gyatt
81%
_____ Gyatt
81%
But I hope I never _____ again Edge
55%
From that _______ that you taxed Fanum
54%
No I-I-I-I-I can't _____ Mew
54%
We ain't ever not the ______ Rizzler
49%
We ain't ever not the ______ Rizzler
49%
We ain't ever not the ______ Rizzler
49%
But i'm _____ ______ Grimace Shake
47%
I ____ to much and that's an issue Rizzed
45%
So _____ _______ me closer Baby Gronk
37%
Four years no Livvy
34%
In the ______ _______ ______ Back Skibidi Toilet
29%
Tell your _____ it was nice to _____ them Friends Rizz
29%
I know it ______ your _______ Breaks Fanum
25%
______ in Ohio and I'm still not ______ Taxing Sigma
24%
Now your looking pretty on _____ _____ _____ Adin Ross Twitchy
21%
That I know you can't ______ Afford
21%
From your _________ back in ______ Roommate Ohio
18%
Pull the _______right off the ______ Gyatt Corner
14%
Yeah that's _____ Sick
7%
______ _______ Tatted on my shoulder Kia Cenat
4%
No matching quizzes found
Score Distribution
Percent of People with Each Score
Percentile by Number Answered
Your Score History
You have not taken this quiz